000 00654nam a22001937a 4500
005 20140926150943.0
010 _aENG-110888
020 _a9789351432081
_c595.00
035 _aEN-94420
037 _bDBAD/PUB
082 _a658.15
100 _aMakkar, Rajesh
245 _aFinancial management :
_cby Rajesh Makkar
_btheory and practice for CA-intermediate (IPC) and other professional courses/
250 _a14th ed
260 _aGurgaon
_bLexis Nexis
_c2014
270 _a14th Floor, Building No.10, Tower-B, DLF Cyber City, Phase-II
_bGurgaon
_e122002
300 _avarious pagings.
_c28cm(pbk)
942 _2ddc
_cEN
_mMAK
_h658.15
999 _c88728
_d88728